000 00312nam a2200133Ia 4500
005 20251222144641.0
008 251222s9999||||xx |||||||||||||| ||spa||
020 _a1-57851-189-5
082 _a658.401.2/H19L
100 _aHamel, Gary
245 0 _aLeading The Revolution
264 _bGary Hamel
942 _cLIB
999 _c16685
_d16685